000 00329nam a22001217a 4500
008 180522b xxu||||| |||| 00| 0 eng d
041 _aeng
080 _a043.3
100 _a0
101 _aSHKI-MA
245 _aAnaliza e shtreses se Transportit dhe Rrjetes: TCP ne rastin e rrjetit te mbingarkuar
_cMaliqi, F
942 _2udc
_cBK
999 _c46149
_d46149